|
|
|
|
| LEADER |
03061nam a2200745 i 4500 |
| 001 |
nkc20162812815 |
| 003 |
CZ PrNK |
| 005 |
20230825120226.0 |
| 007 |
ta |
| 008 |
160714s2016 xr e 000 0 cze |
| 015 |
|
|
|a cnb002812815
|
| 020 |
|
|
|a 978-80-7450-225-5
|q (brožováno)
|
| 035 |
|
|
|a (OCoLC)970629780
|
| 040 |
|
|
|a ABA001
|b cze
|d BOA001
|e rda
|
| 041 |
1 |
|
|a cze
|h ita
|
| 045 |
|
|
|a y-y-
|
| 072 |
|
7 |
|a 27-46/-48
|x Pastorální teologie
|2 Konspekt
|9 5
|
| 080 |
|
|
|a 173
|2 MRF
|
| 080 |
|
|
|a 316.356.2
|2 MRF
|
| 080 |
|
|
|a 27
|2 MRF
|
| 080 |
|
|
|a 27-452
|2 MRF
|
| 080 |
|
|
|a 2-423.79
|2 MRF
|
| 080 |
|
|
|a 37.018.1
|2 MRF
|
| 080 |
|
|
|a 159.955
|2 MRF
|
| 080 |
|
|
|a 27-58
|2 MRF
|
| 080 |
|
|
|a 27-46
|2 MRF
|
| 080 |
|
|
|a 272-1/-9
|2 MRF
|
| 080 |
|
|
|a (093.2)
|2 MRF
|
| 110 |
2 |
|
|a Katolická církev.
|b Papež (2013-2025 : František)
|7 ko2013755934
|4 aut
|
| 240 |
1 |
0 |
|a Amoris laetitia.
|l Česky
|7 kon20231198812
|
| 245 |
1 |
0 |
|a Amoris lætitia =
|b Radost z lásky : posynodální apoštolská exhortace o lásce v rodině /
|c papež František ; z italského originálu Amoris lætitia přeložil Jaroslav Brož
|
| 246 |
3 |
1 |
|a Radost z lásky
|
| 250 |
|
|
|a První vydání
|
| 264 |
|
1 |
|a Praha :
|b Paulínky,
|c 2016
|
| 300 |
|
|
|a 230 stran ;
|c 20 cm
|
| 336 |
|
|
|a text
|b txt
|2 rdacontent
|
| 337 |
|
|
|a bez média
|b n
|2 rdamedia
|
| 338 |
|
|
|a svazek
|b nc
|2 rdacarrier
|
| 504 |
|
|
|a Obsahuje bibliografické odkazy
|
| 648 |
|
7 |
|a 21. století
|7 ch460559
|2 czenas
|
| 650 |
0 |
7 |
|a rodina
|7 ph117260
|x křesťanské pojetí
|y 21. století
|2 czenas
|
| 650 |
0 |
7 |
|a křesťanské manželství
|7 ph115066
|y 21. století
|2 czenas
|
| 650 |
0 |
7 |
|a láska
|7 ph117230
|x křesťanské pojetí
|y 21. století
|2 czenas
|
| 650 |
0 |
7 |
|a rodinná výchova
|7 ph125184
|x křesťanské pojetí
|y 21. století
|2 czenas
|
| 650 |
0 |
7 |
|a řešení problémů
|7 ph137287
|x křesťanské pojetí
|y 21. století
|2 czenas
|
| 650 |
0 |
7 |
|a křesťanská spiritualita
|7 ph138493
|y 21. století
|2 czenas
|
| 650 |
0 |
7 |
|a pastorační péče
|7 ph138508
|y 21. století
|2 czenas
|
| 650 |
0 |
7 |
|a učení katolické církve
|7 ph135482
|y 21. století
|2 czenas
|
| 650 |
0 |
9 |
|a family
|x Christian approach
|y 21st century
|2 eczenas
|
| 650 |
0 |
9 |
|a Christian marriage
|y 21st century
|2 eczenas
|
| 650 |
0 |
9 |
|a love
|x Christian approach
|y 21st century
|2 eczenas
|
| 650 |
0 |
9 |
|a family education
|x Christian approach
|y 21st century
|2 eczenas
|
| 650 |
0 |
9 |
|a problem solving
|x Christian approach
|y 21st century
|2 eczenas
|
| 650 |
0 |
9 |
|a Christian spirituality
|y 21st century
|2 eczenas
|
| 650 |
0 |
9 |
|a pastoral attention
|y 21st century
|2 eczenas
|
| 650 |
0 |
9 |
|a Catholic doctrine
|y 21st century
|2 eczenas
|
| 655 |
|
7 |
|a papežské listy
|7 fd133001
|2 czenas
|
| 655 |
|
9 |
|a papal documents
|2 eczenas
|
| 700 |
1 |
|
|a Brož, Jaroslav,
|d 1963-
|7 skuk0000174
|4 trl
|
| 910 |
2 |
|
|a BOA001
|b 1-1374.992
|
| 990 |
|
|
|a BK
|
| 995 |
|
|
|a 01
|
| 991 |
|
|
|b 201612
|c NOV
|
| 996 |
6 |
|
|b 2610688980
|c 1-1374.992
|l MZK
|r Sklad / do 1 hodiny
|n 1
|p p.v.
|w 001589414
|u 000010
|a 1
|e BOA001
|j MZK50
|s P
|
| 996 |
7 |
|
|b 2610696946
|c 1-1374.992
|l MZK
|r Sklad / do 1 hodiny
|n 16
|p kup
|w 001589414
|u 000020
|a 1
|e BOA001
|j MZK50
|s A
|